Statistiques concernant Pays sans les lettres A et E

Cliquez ici pour prendre le quiz!

Statistiques générales

  • Ce quiz a été pris 583 fois
  • Le résultat moyen est 3 sur 6

Statistiques - réponses

Réponse% Correct
Togo
62%
Chili
52%
Fidji
47%
Kosovo
44%
Djibouti
26%
Burundi
21%

Distribution des résultats

Percentile par nombre de réponses

% des personnes avec chaque résultat

Votre développement - résultats

Vous n’avez pas pris ce quiz